Normal view MARC view
  • Arnikar H J

Entry Personal Name

Number of records used in: 1

001 - CONTROL NUMBER

  • control field: 13368

003 - CONTROL NUMBER IDENTIFIER

  • control field: OSt

005 - DATE AND TIME OF LATEST TRANSACTION

  • control field: 20260418134346.0

008 - FIXED-LENGTH DATA ELEMENTS

  • fixed length control field: 260418|| aca||aabn | a|a d

040 ## - CATALOGING SOURCE

  • Original cataloging agency: OSt
  • Transcribing agency: OSt

100 ## - HEADING--PERSONAL NAME

  • Personal name: Arnikar H J

670 ## - SOURCE DATA FOUND

  • Source citation: Work cat.: (OSt)758732: Arnikar H J , Essentials of Nuclear Chemistry/, 2025.